000 00310 a2200133 4500
001 47439
040 _cAnchieta - Aquarius
240 1 0 _aCaderno de leituras
_lpor
245 1 0 _aCaderno de leituras
300 _a121 p.
362 0 _a2012
650 4 _aEducação, pesquisa e tópicos relacionados
942 _cBK
999 _c47439
_d47439